Gares les plus fréquentées d'Europe - Statistiques

Statistiques générales
  • Ce quiz a été pris 97 fois
  • Le résultat moyen est 8 sur 30
Statistiques - réponses
Gare Nombre de voyageurs (millions par an) % Correct
Paris Gare du Nord 355,5
91%
Berlin Hbf 120,1
68%
Paris Gare de Lyon 187,2
68%
Gare Montparnasse 98,8
66%
Gare Saint-Lazare 161
57%
Munich Hbf 150,7
53%
Milan Centrale 120
47%
Francfort (Main) Hbf 179,9
41%
Hambourg Hbf 196
39%
Cologne Hbf 116,1
33%
Zurich HB 150,3
28%
Madrid Atocha 200,4
27%
Düsseldorf Hbf 89,8
26%
Copenhague Hovedbanegård 107,8
22%
Stuttgart Hbf 93,1
22%
Londres Victoria 136,3
14%
Hanovre Hbf 95,3
12%
Rome Termini 150
12%
Londres Paddington 115,5
10%
Londres Waterloo 145,4
9%
Helsinki päärautatieasema 90,2
8%
Londres Bridge 124,3
3%
Londres Liverpool Street 161,7
3%
Berlin Friedrichstraße 95,6
1%
Berlin Ostkreuz 91,3
1%
Moscou Kazansky 99,8
1%
Moscou Kursky 142,2
1%
Moscou Yaroslavsky 157,2
1%
Nørreport 86,4
1%
Stratford 121,5
1%
Aucun quiz correspondant
Distribution des résultats
% des personnes avec chaque résultat
Percentile par nombre de réponses
Votre historique - résultats
Vous n’avez pas pris ce quiz